000
00261nam a2200097Ia 4500
008
220204s9999 xx 000 0 und d
082
_a
378:63
_b
VOC
245
0
_a
Vocational education courses in agriculture
260
_a
Hebbel
_b
Univ of Agri Sc
_c
1972
942
_c
BK
999
_c
21878
_d
21878